000 01397nam a2200337 i 4500
001 11287
003 KOSZ 005
005 20191017092953.0
008 081118s1956 pl f 000 0 pol
015 _aPB 1956/6423
040 _aWA N
_cKOSZ 005/RW
_dKOSZ 005/RW
_dKOSZ 005/HR
046 _k1956
080 _a528.3/.4
100 1 _aJanas, Zygmunt.
_eAutor
245 1 0 _aTablice do interpolacji warstwic przy tachimetrii i niwelacji terenowej /
_cZygmunt Janas.
260 _aWarszawa :
_bPaństwowe Przedsiębiorstwo Wydawnictw Kartograficznych,
_c1956.
300 _a196 s. ;
_c28 cm.
380 _aKsiążki.
380 _aPublikacje fachowe
388 _a1901-2000
500 _aDruk dwuszpaltowy.
521 8 _aDla techników i inżynierów różnych specjalności, w szczególności dla geodetów, oraz jako pomoc naukowa dla uczniów technikum, kursantów Naczelnej Organizacji Technicznej i studentów tych wydziałów politechniki, na których wykładana jest geodezja.
650 4 _aTachimetria
658 _aGeografia i nauki o Ziemi
650 4 _aGeodezja
655 4 _aTablice i wzory
650 4 _aNiwelacja
710 2 _aPaństwowe Przedsiębiorstwo Wydawnictw Kartograficznych
_4pbl.
856 _uhttp://koha.tu.koszalin.pl/cgi-bin/koha/opac-detail.pl?biblionumber=11287
_yKatalog online BPK
942 _2UKD
_cKS
999 _c11287
_d11287